Co-packing: Nutnosť i vítaný zárobok

Obalové aktivity sú v mnohých logistických firmách neoddeliteľnou súčasťou ponuky poskytovaných služieb. Takmer každá logistická spoločnosť disponuje určitou formou co-packingu, či už priamo v procese nákladky alebo samostatným co-packingovým strediskom. Konkurečná výhoda je výsledkom konkrétneho po...

Ausführliche Beschreibung

Gespeichert in:
Bibliographische Detailangaben
1. Verfasser: Oravec, Jozef
Format: Buchkapitel
Sprache:Slowakisch
Schlagworte:
Tags: Tag hinzufügen
Keine Tags, Fügen Sie das erste Tag hinzu!

MARC

LEADER 00000naa a2200000 4500
001 0245617
005 20200305093248.0
041 0 |a slo 
044 |a CZ 
245 1 0 |a Co-packing: Nutnosť i vítaný zárobok  |c Jozef Oravec 
520 |a Obalové aktivity sú v mnohých logistických firmách neoddeliteľnou súčasťou ponuky poskytovaných služieb. Takmer každá logistická spoločnosť disponuje určitou formou co-packingu, či už priamo v procese nákladky alebo samostatným co-packingovým strediskom. Konkurečná výhoda je výsledkom konkrétneho portfólia co-packingových služieb, kvality a efektivity procesov. 
610 2 0 |a technika obalová 
610 2 0 |a podnik logistický 
610 2 0 |a obaly 
610 2 0 |a výhody konkurenčné 
610 2 0 |a služby logistické 
100 1 |a Oravec, Jozef